[Event "Accession B 2013/2014"]
[Site "Vitrolles"]
[Date "2014.02.15"]
[Round "6"]
[White "Colandrea, Sauveur"]
[Black "Ganier, Philippe"]
[Result "0-1"]
[WhiteElo "1764"]
[BlackElo "1609"]
[PlyCount "120"]

1. e4 e6 2. d4 c5 3. Nf3 b6 4. Nc3 cxd4 5. Nxd4 Bb7 6. Ndb5 d6 7. a4 Nc6 8. Be2
Be7 9. O-O Nf6 10. Be3 O-O 11. f4 a6 12. Na3 Nb4 13. Nc4 Nxe4 14. Nxb6 Nxc3 15.
bxc3 Nd5 16. Nxd5 Bxd5 17. c4 Bc6 18. a5 Qd7 19. Bd3 Bf6 20. Ra3 Rfc8 21. Bb6
Qe7 22. Rb3 d5 23. cxd5 Bxd5 24. c4 Bxc4 25. Bxc4 Rxc4 26. Rd3 g6 27. Qf3 Rac8
28. Rfd1 Qb4 29. g3 Kg7 30. Rd7 Re4 31. R7d3 Re1+ 32. Rxe1 Qxe1+ 33. Kg2 Rc1
34. Re3 Rc2+ 35. Kh3 Qb4 36. Re2 Rc4 37. Qb7 Qb5 38. Rf2 Bd4 39. Bxd4+ Rxd4 40.
Qc7 Ra4 41. Qc3+ Kh6 42. Qc7 Rxa5 43. Qxf7 Qf5+ 44. Qxf5 exf5 45. Rb2 Ra3 46.
Rb7 a5 47. Kh4 Ra2 48. Kh3 a4 49. Ra7 a3 50. Rb7 Rb2 51. Ra7 a2 52. Ra6 Kh5 53.
Ra7 Kh6 54. Ra6 Kg7 55. Ra7+ Kf6 56. Ra6+ Ke7 57. Ra7+ Kd6 58. Ra6+ Kc5 59. Kh4
Rxh2+ 60. Kg5 Kb4 0-1

[Event "Accession B 2013/2014"]
[Site "Vitrolles"]
[Date "2014.02.15"]
[Round "6"]
[White "Beraud, Robert"]
[Black "Tchifteyan, Philippe"]
[Result "1/2-1/2"]
[WhiteElo "1729"]
[BlackElo "1685"]
[PlyCount "82"]

1. e4 e5 2. Nf3 d6 3. d4 Nc6 4. Bb5 exd4 5. Nxd4 Bd7 6. Nxc6 Bxc6 7. Bxc6+ bxc6
8. c4 Be7 9. Nc3 Bf6 10. Qd3 Ne7 11. O-O O-O 12. Re1 Ng6 13. f4 Re8 14. Ne2 Nf8
15. Rb1 Nd7 16. b4 a5 17. a3 axb4 18. axb4 c5 19. b5 Ra4 20. Nc3 Bxc3 21. Qxc3
Qa8 22. Bb2 f6 23. e5 fxe5 24. Re3 Re7 25. Rbe1 Rf7 26. Rg3 Rxf4 27. Rxg7+ Kxg7
28. Qg3+ Kf6 29. Qxf4+ Ke7 30. Qh4+ Nf6 31. Rf1 Qh8 32. Bc1 Ra1 33. Bg5 Rxf1+
34. Kxf1 Qg7 35. Ke2 Kf7 36. g3 Qg6 37. Bxf6 Qxf6 38. Qxh7+ Qg7 39. Qf5+ Ke7
40. Qe4 Kf6 41. Qf3+ Ke7 1/2-1/2

[Event "Accession B 2013/2014"]
[Site "Vitrolles"]
[Date "2014.02.15"]
[Round "6"]
[White "Urcun, Gael"]
[Black "Sempe, Pierre"]
[Result "1-0"]
[WhiteElo "1645"]
[BlackElo "1626"]
[PlyCount "83"]

1. e4 e5 2. Bc4 Nf6 3. d3 d5 4. exd5 Nxd5 5. Nf3 Nc6 6. O-O Be7 7. Re1 Bg4 8.
h3 Bh5 9. g4 Bg6 10. Nxe5 Nxe5 11. Rxe5 Nb6 12. Bb3 O-O 13. Nc3 Bd6 14. Re1 c6
15. Qf3 a5 16. a4 Nd7 17. d4 Nf6 18. Bg5 Be7 19. Rad1 Nd5 20. Bxe7 Nxe7 21. d5
Nxd5 22. Nxd5 cxd5 23. Bxd5 Bxc2 24. Bxf7+ Rxf7 25. Rxd8+ Rxd8 26. Qc3 Bxa4 27.
Qxa5 Rd4 28. Qa8+ Rf8 29. Qxb7 Rd3 30. Qb4 Bb3 31. h4 Bd5 32. Qb5 Rd2 33. Qc5
Ba8 34. b4 Rdd8 35. h5 Rf4 36. Qg5 Rdf8 37. Re7 g6 38. hxg6 h6 39. Qxh6 Rxg4+
40. Kf1 Rxf2+ 41. Kxf2 Rg2+ 42. Kf1 1-0

[Event "Accession B 2013/2014"]
[Site "Vitrolles"]
[Date "2014.02.15"]
[Round "6"]
[White "Baroyan, Davit"]
[Black "Battaglia, Gerard"]
[Result "1-0"]
[WhiteElo "1559"]
[BlackElo "1844"]
[PlyCount "29"]

1. e4 e6 2. d4 d5 3. Nc3 Nf6 4. e5 Nfd7 5. Nf3 c5 6. Ne2 Nc6 7. c3 Be7 8. Nf4
O-O 9. Bd3 c4 10. Bc2 b5 11. h4 Nb6 12. Bxh7+ Kh8 13. Bc2 Qe8 14. Ng5 f6 15.
Bg6 1-0

[Event "Accession B 2013/2014"]
[Site "Vitrolles"]
[Date "2014.03.15"]
[Round "7"]
[White "Sempe, Pierre"]
[Black "Baroyan, Davit"]
[Result "0-1"]
[WhiteElo "1626"]
[BlackElo "1575"]
[PlyCount "84"]

1. e4 c5 2. Nf3 Nc6 3. Bb5 d6 4. O-O Bd7 5. Re1 g6 6. c3 Bg7 7. d4 cxd4 8. cxd4
Nf6 9. Nc3 a6 10. Bf1 Bg4 11. d5 Ne5 12. Be2 Nxf3+ 13. Bxf3 Bxf3 14. Qxf3 O-O
15. Bf4 Qb6 16. Rab1 Rac8 17. Na4 Qb4 18. b3 b5 19. Nb2 Rc2 20. Nd3 Qa5 21. a4
bxa4 22. bxa4 Qxa4 23. Nb4 Rc4 24. Nc6 Re8 25. Ra1 Rxe4 26. Qxe4 Qxe4 27. Rxe4
Nxe4 28. Re1 Nf6 29. Rxe7 Rxe7 30. Nxe7+ Kf8 31. Bxd6 Ke8 32. Ba3 Bf8 33. d6
Bxe7 34. dxe7 Nd5 35. Kf1 Nxe7 36. Ke2 Nd5 37. g3 Kd7 38. Kd3 Kc6 39. Kc4 Nf6
40. h4 Ne4 41. Kb4 Nxf2 42. Ka5 Kd5 0-1

[Event "Accession B 2013/2014"]
[Site "Vitrolles"]
[Date "2014.03.15"]
[Round "7"]
[White "Benavides, Jeremy"]
[Black "Urcun, Gael"]
[Result "1-0"]
[WhiteElo "1798"]
[BlackElo "1641"]
[PlyCount "75"]

1. e4 c6 2. d4 d5 3. Nc3 dxe4 4. Nxe4 Bf5 5. Nc5 Qb6 6. Bd3 Bxd3 7. Qxd3 e6 8.
Nb3 Nf6 9. Nf3 Nbd7 10. O-O Be7 11. Ne5 O-O 12. Qg3 Rfd8 13. c4 c5 14. Nxd7
Rxd7 15. dxc5 Bxc5 16. Nxc5 Qxc5 17. b3 Qd4 18. Be3 Qg4 19. Qxg4 Nxg4 20. Rfd1
Rxd1+ 21. Rxd1 Nxe3 22. fxe3 g6 23. Rd7 b6 24. Rb7 Kg7 25. Kf2 Kf6 26. Kf3 h5
27. h4 e5 28. Ke4 Ke6 29. g3 f5+ 30. Kf3 e4+ 31. Kf4 Kf6 32. Rc7 Rd8 33. Rc6+
Kf7 34. Kg5 Rd3 35. Rf6+ Ke7 36. Rxg6 Rxe3 37. Kxf5 Re1 38. Re6+ 1-0

[Event "Accession B 2013/2014"]
[Site "Vitrolles"]
[Date "2014.03.15"]
[Round "7"]
[White "Battaglia, Gerard"]
[Black "Beraud, Robert"]
[Result "1-0"]
[WhiteElo "1847"]
[BlackElo "1729"]
[PlyCount "72"]

1. d4 Nf6 2. c4 g6 3. Nc3 Bg7 4. e4 d6 5. Be2 O-O 6. f4 c5 7. dxc5 Qa5 8. Bd2
Qxc5 9. b4 Qc7 10. Rc1 Na6 11. a3 $11 Rd8 12. Nf3 Bg4 13. O-O $16 Bxf3 14. Rxf3
e6 15. Rh3 Rac8 16. Qf1 Nb8 17. f5 Nc6 18. Bg5 Rf8 19. Rd1 a6 20. Qf4 Ne5 21.
Qh4 Ned7 22. g4 Rfe8 23. Bxf6 Bxf6 24. g5 Bxc3 25. Qxh7+ Kf8 26. Rxc3 $2 $18
exf5 27. Qh8+ Ke7 28. Qd4 Ne5 29. exf5 gxf5 30. Re3 b6 31. Qf4 a5 32. Qxf5 axb4
33. axb4 Kf8 34. Rh3 Ng6 35. Rf1 Rxe2 36. Qxg6 Qc6 1-0

[Event "Accession B 2013/2014"]
[Site "Vitrolles"]
[Date "2014.03.15"]
[Round "7"]
[White "Ganier, Philippe"]
[Black "Scamaroni, Jean-Paul"]
[Result "1/2-1/2"]
[WhiteElo "1633"]
[BlackElo "1636"]
[PlyCount "106"]

1. Nf3 Nf6 2. g3 g6 3. Bg2 Bg7 4. d3 d5 5. O-O O-O 6. c3 c5 7. Nbd2 Nc6 8. e4
dxe4 9. dxe4 e5 10. Qc2 Qc7 11. Nc4 b5 12. Ne3 Ne7 13. Rd1 Bb7 14. Ne1 Rad8 15.
Rxd8 Rxd8 16. b3 Bh6 17. Nd5 Nfxd5 18. Bxh6 Nb6 19. Rc1 c4 20. Bg5 Rd7 21. Nf3
Nc6 22. Qe2 Qd6 23. Bh3 Qd3 24. Qd2 Qxd2 25. Bxd2 Rd6 26. Be3 Nd7 27. bxc4 bxc4
28. Rb1 Ba8 29. Bxd7 Rxd7 30. Nxe5 Nxe5 31. Rb8+ Kg7 32. Bd4 f6 33. Rxa8 Nf3+
34. Kf1 Nxd4 35. cxd4 Rxd4 36. Rxa7+ Kh6 37. f3 c3 38. Rc7 Rd1+ 39. Ke2 Rd2+
40. Ke3 Rxa2 41. Rxc3 Rxh2 42. g4 Ra2 43. Kf4 Ra5 44. Rd3 g5+ 45. Kg3 Re5 46.
Rd4 Kg6 47. f4 gxf4+ 48. Kxf4 h5 49. gxh5+ Rxh5 50. Rd5 Rh4+ 51. Ke3 Rh3+ 52.
Kd4 Rh4 53. Rf5 Rg4 1/2-1/2

[Event "Accession B 2013/2014"]
[Site "Vitrolles"]
[Date "2014.03.15"]
[Round "7"]
[White "Tchifteyan, Philippe"]
[Black "Colandrea, Sauveur"]
[Result "1-0"]
[WhiteElo "1689"]
[BlackElo "1762"]
[PlyCount "61"]

1. e4 e5 2. Nf3 Nc6 3. d4 exd4 4. Nxd4 Bc5 5. Nxc6 Qf6 6. Qe2 Qxc6 7. Nc3 Bb4
8. Bd2 d6 9. O-O-O Nf6 10. Qc4 Qxc4 11. Bxc4 c6 12. f3 Be6 13. Bxe6 fxe6 14.
Ne2 Bc5 15. Bc3 e5 16. Rd3 O-O-O 17. Rhd1 Kc7 18. b4 Bf2 19. a4 b5 20. axb5
cxb5 21. Kb2 Kc6 22. Ng3 Bxg3 23. hxg3 Rd7 24. g4 g5 25. Bd2 h6 26. Be3 d5 27.
exd5+ Nxd5 28. Bxa7 Rhd8 29. Bc5 e4 30. fxe4 Nf6 31. Be7 1-0

[Event "Accession B 2013/2014"]
[Site "Vitrolles"]
[Date "2014.03.29"]
[Round "8"]
[White "Urcun, Gael"]
[Black "Baroyan, Davit"]
[Result "0-1"]
[WhiteElo "1643"]
[BlackElo "1575"]
[PlyCount "88"]

1. e4 e5 2. Bc4 Nf6 3. d3 c6 4. Nf3 d5 5. Bb3 a5 6. Nc3 Bb4 7. a3 Bxc3+ 8. bxc3
a4 9. Ba2 Qd6 10. O-O O-O 11. exd5 cxd5 12. h3 h6 13. Re1 Nc6 14. Bb2 Re8 15.
Re3 Bd7 16. Qe1 Bf5 17. Rd1 Rac8 18. Nh4 Bh7 19. Qd2 d4 20. Rg3 Nh5 21. Rf3 Nf6
22. g4 dxc3 23. Bxc3 Qxa3 24. Ra1 Qc5 25. Nf5 Bxf5 26. Rxf5 Nd4 27. Bxd4 Qxd4
28. Rb1 Re7 29. g5 hxg5 30. Qxg5 Qd6 31. Bc4 Nh7 32. Qg2 a3 33. Rxb7 Rxb7 34.
Qxb7 Qg6+ 35. Kf1 Qxf5 36. Bxf7+ Qxf7 37. Qxc8+ Nf8 38. c4 Qa7 39. Qc6 a2 40.
Qd5+ Kh8 41. Qf3 a1=Q+ 42. Kg2 Qe7 43. Qh5+ Kg8 44. Qf5 Qf7 0-1

[Event "Accession B 2013/2014"]
[Site "Vitrolles"]
[Date "2014.03.29"]
[Round "8"]
[White "Beraud, Robert"]
[Black "Sempe, Pierre"]
[Result "1-0"]
[WhiteElo "1729"]
[BlackElo "1626"]
[PlyCount "135"]

1. e4 e5 2. Nf3 Nc6 3. Bb5 f5 4. d3 fxe4 5. dxe4 Nf6 6. O-O Bc5 7. Qd3 d6 8.
Qc4 Qe7 9. Nc3 Bd7 10. Nd5 Nxd5 11. exd5 Nd4 12. Bxd7+ Qxd7 13. Nxd4 Bxd4 14.
a4 O-O 15. c3 b5 16. Qe2 Bc5 17. b4 Bxb4 18. cxb4 bxa4 19. Qc4 Rab8 20. Rd1 Rb7
21. Be3 Rfb8 22. b5 Rxb5 23. Qxa4 a5 24. h3 Qf7 25. Qc4 Rb4 26. Qc2 R8b5 27.
Rab1 Rxd5 28. Rxd5 Qxd5 29. Rxb4 axb4 30. Qxc7 b3 31. Qc1 Kf7 32. Bd2 Qd3 33.
Bc3 Qc2 34. Qxc2 bxc2 35. Bb2 Ke6 36. Kf1 Kd5 37. Ke2 Kc4 38. Ke3 $4 d5 39. Kd2
e4 40. Kxc2 g6 41. Bf6 h5 42. Kd2 d4 43. Bg5 Kd5 44. Kc2 Kc4 45. Bf4 Kb4 46.
Bh6 Kc4 47. Bf8 Kd5 48. Kb3 e3 49. fxe3 dxe3 50. Kc2 Ke4 51. Bh6 Kd4 52. Kd1
Kd3 53. Bg5 e2+ 54. Ke1 Ke4 55. Kxe2 Kf5 56. Bd2 g5 57. Kf3 g4+ 58. hxg4+ hxg4+
59. Kg3 Kg6 60. Kxg4 Kf6 61. Kh5 Kg7 62. Kg5 Kg8 63. Kg6 Kh8 64. g4 Kg8 65. g5
Kh8 66. Kf7 Kh7 67. g6+ Kh8 68. Bc3# 1-0

[Event "Accession B 2013/2014"]
[Site "Vitrolles"]
[Date "2014.03.29"]
[Round "8"]
[White "Colandrea, Sauveur"]
[Black "Battaglia, Gerard"]
[Result "0-1"]
[WhiteElo "1767"]
[BlackElo "1848"]
[PlyCount "104"]

1. c4 Nf6 2. Nc3 g6 3. g3 Bg7 4. Bg2 c5 5. Nf3 Nc6 6. O-O O-O 7. d4 cxd4 8.
Nxd4 a6 9. h3 e6 10. c5 Nd5 11. Nxd5 exd5 12. Nb3 d4 13. Bf4 Re8 14. Qd2 a5 15.
a4 Qf6 16. Bg5 Qe5 17. Bf4 Qe6 18. Nc1 h5 19. Nd3 Kh7 20. Rfe1 Qf6 21. Bg5 Qf5
22. Qf4 Qxf4 23. Bxf4 Ra6 24. Rac1 Nd8 25. Rc2 Bf8 26. Kh2 Ne6 27. Bd2 d6 28.
c6 bxc6 29. Bxc6 Rd8 30. Nf4 Bh6 31. Bb5 Ra7 32. Nxe6 fxe6 33. Bxh6 Kxh6 34.
Rec1 Ba6 35. Rc6 Bxb5 36. axb5 e5 37. Rd1 Rb7 38. b6 Kg5 39. h4+ Kf5 40. Ra1
Ke6 41. Rxa5 Kd7 42. Rc2 Rxb6 43. Ra7+ Ke6 44. Kg2 Rdb8 45. Rg7 Kf6 46. Rcc7
Rxb2 47. Rcf7+ Ke6 48. Re7+ Kd5 49. Rxg6 Rxe2 50. Ree6 Rb6 51. Ref6 d3 52. Kf3
Re1 0-1

[Event "Accession B 2013/2014"]
[Site "Vitrolles"]
[Date "2014.03.29"]
[Round "8"]
[White "Benavides, Jeremy"]
[Black "Ganier, Philippe"]
[Result "1-0"]
[WhiteElo "1790"]
[BlackElo "1614"]
[PlyCount "127"]

1. b3 Nf6 2. Bb2 e6 3. Nf3 b6 4. e3 Bb7 5. Be2 Be7 6. O-O O-O 7. c4 d5 8. cxd5
exd5 9. d4 Nbd7 10. Nc3 c5 11. Rc1 Rc8 12. Bb5 a6 13. Bxd7 Qxd7 14. Ne5 Qf5 15.
Na4 Qe6 16. Qe2 c4 17. bxc4 dxc4 18. Nxc4 b5 19. Na5 Bxg2 20. Kxg2 bxa4 21. Nc4
Qd5+ 22. f3 Qb5 23. Rf2 Nd5 24. Na3 Qd7 25. Kh1 Qe6 26. Nc4 Bg5 27. f4 Bh4 28.
f5 Qe4+ 29. Qf3 Rfe8 30. Qxe4 Rxe4 31. Rf3 Bf6 32. Nd6 Rxc1+ 33. Bxc1 Re7 34.
e4 Rc7 35. Ba3 Rc3 36. Rxc3 Nxc3 37. e5 Bd8 38. Nb7 Bg5 39. Nc5 Be3 40. Bb2
Bxd4 41. Nxa4 Ne2 42. Bxd4 Nxd4 43. Nc5 a5 44. Nb3 Nc6 45. Kg2 Kf8 46. Kg3 Ke7
47. Kf4 h6 48. a4 g5+ 49. Ke4 f6 50. e6 Kd6 51. h3 h5 52. Nd2 Kc5 53. Nf3 Kd6
54. Nd4 Ne5 55. Nb5+ Ke7 56. Nc3 Kd6 57. Nd5 Nc6 58. Nxf6 h4 59. Ng4 Ne7 60.
Ne5 Ng8 61. Nf7+ Ke7 62. Nxg5 Nf6+ 63. Ke5 Nh5 64. Nh7 1-0

[Event "Accession B 2013/2014"]
[Site "Vitrolles"]
[Date "2014.04.12"]
[Round "9"]
[White "Baroyan, Davit"]
[Black "Beraud, Robert"]
[Result "1-0"]
[WhiteElo "1575"]
[BlackElo "1729"]
[PlyCount "83"]

1. d4 Nf6 2. c4 g6 3. Nc3 Bg7 4. e4 d6 5. f3 O-O 6. Be3 c5 7. d5 e6 8. Nge2
exd5 9. cxd5 Nbd7 10. Ng3 a6 11. a4 Re8 12. Qd2 h5 13. Be2 h4 14. Nf1 Nh7 15.
Bh6 Bh8 16. Ne3 h3 17. g3 Qe7 18. Nc4 Rb8 19. Bf4 Ne5 20. Nxe5 Bxe5 21. Bxe5
Qxe5 22. Ra3 Bd7 23. Rb3 Qd4 24. a5 Qe5 25. Rb6 Red8 26. Kf2 Qe7 27. Ra1 Nf6
28. Ra3 Be8 29. Rab3 Nd7 30. Rxb7 Rxb7 31. Rxb7 Ra8 32. Na4 Qd8 33. Nb6 Nxb6
34. Rxb6 Qc7 35. Qf4 Bb5 36. Qxd6 Qxd6 37. Rxd6 Bxe2 38. Kxe2 Rb8 39. Rb6 Rc8
40. Kd3 c4+ 41. Kc3 Rc5 42. d6 1-0

[Event "Accession B 2013/2014"]
[Site "Vitrolles"]
[Date "2014.04.12"]
[Round "9"]
[White "Sempe, Pierre"]
[Black "Colandrea, Sauveur"]
[Result "0-1"]
[WhiteElo "1626"]
[BlackElo "1767"]
[PlyCount "20"]

1. e4 e5 2. Nf3 Nc6 3. Bc4 Nf6 4. Ng5 d5 5. exd5 b5 6. Bxb5 Qxd5 7. Qe2 Qxg2 8.
Qxe5+ Be7 9. Rf1 Bd7 10. d3 Nxe5 0-1

[Event "Accession B 2013/2014"]
[Site "Vitrolles"]
[Date "2014.04.12"]
[Round "9"]
[White "Ganier, Philippe"]
[Black "Urcun, Gael"]
[Result "0-1"]
[WhiteElo "1614"]
[BlackElo "1643"]
[PlyCount "100"]

1. Nf3 Nf6 2. c4 g6 3. Nc3 Bg7 4. d4 O-O 5. e4 d6 6. Be2 e5 7. O-O Na6 8. d5
Nc5 9. Qc2 a5 10. Rb1 Ncxe4 11. Nxe4 Nxe4 12. Ne1 Nc5 13. b4 Bf5 14. Nd3 Nxd3
15. Bxd3 Bxd3 16. Qxd3 axb4 17. Rxb4 b6 18. a3 f5 19. f3 Re8 20. Re1 Qh4 21.
Re2 e4 22. fxe4 fxe4 23. Qe3 Be5 24. g3 Qf6 25. Bb2 Bxb2 26. Rbxb2 Ra4 27. Rbc2
Qa1+ 28. Rc1 Qxa3 29. Rc3 Qc5 30. Qxc5 bxc5 31. Kf2 Kg7 32. Ke3 Ra1 33. Rb3 Rc1
34. Rb7 Re7 35. Rd2 Rxc4 36. Rb3 Rf7 37. Rf2 Rxf2 38. Kxf2 Rb4 39. Ra3 Rd4 40.
Ra7 Rxd5 41. Rxc7+ Kh6 42. Ke3 Re5 43. Rc6 Re6 44. h3 Kg5 45. Rc7 h5 46. Rc6
Kf5 47. Rc7 Ke5 48. h4 Rf6 49. Re7+ Kf5 50. Re8 Re6 0-1

[Event "Accession B 2013/2014"]
[Site "Vitrolles"]
[Date "2014.04.12"]
[Round "9"]
[White "Tchifteyan, Philippe"]
[Black "Benavides, Jeremy"]
[Result "0-1"]
[WhiteElo "1678"]
[BlackElo "1790"]
[PlyCount "100"]

1. e4 c5 2. c3 d5 3. e5 Bf5 4. d4 cxd4 5. cxd4 Qb6 6. Nc3 e6 7. Bb5+ Nc6 8.
Nge2 Bb4 9. O-O Nge7 10. Bxc6+ Nxc6 11. a3 Bxc3 12. bxc3 O-O 13. Ra2 Na5 14.
Rb2 Qc7 15. Bd2 Nc4 16. Rb3 Rac8 17. Bc1 b6 18. h3 f6 19. f4 fxe5 20. fxe5 Qc6
21. Rf3 Qa4 22. Rf1 Na5 23. Rb4 Qxd1 24. Rxd1 Nc4 25. a4 a5 26. Rb5 Bc2 27. Rf1
Rxf1+ 28. Kxf1 Bxa4 29. Rb1 Bc2 30. Ra1 Bd3 31. Ke1 Bxe2 32. Kxe2 Rf8 33. g3
Rf7 34. h4 h5 35. Rb1 Kf8 36. Bf4 Ke7 37. Kd3 Kd7 38. Kc2 Kc6 39. Kb3 Rxf4 40.
gxf4 Nd2+ 41. Kc2 Nxb1 42. Kxb1 g6 43. Kb2 Kb5 44. Kb3 a4+ 45. Ka3 Kc4 46. Kxa4
Kxc3 47. Kb5 Kxd4 48. Kxb6 Ke4 49. Kc6 d4 50. Kd6 Kf5 0-1

[Event "Accession B 2013/2014"]
[Site "Vitrolles"]
[Date "2014.04.12"]
[Round "9"]
[White "Battaglia, Gerard"]
[Black "Scamaroni, Jean-Paul"]
[Result "1-0"]
[WhiteElo "1848"]
[BlackElo "1624"]
[PlyCount "65"]

1. d4 Nf6 2. c4 g6 3. Nc3 Bg7 4. e4 d6 5. Be2 O-O 6. f4 Nbd7 7. Nf3 e5 8. fxe5
dxe5 9. d5 Ne8 10. O-O c6 11. Be3 f5 12. dxc6 bxc6 13. c5 f4 14. Bf2 Qc7 15.
Bc4+ Kh8 16. b4 Ndf6 17. Qb3 Ng4 18. Ng5 h6 19. Nf7+ Kh7 20. Rad1 Bf6 21. Rd3
Nxf2 22. Rxf2 Kg7 23. Nd6 a5 24. Nxc8 Rxc8 25. a3 axb4 26. axb4 Ra8 27. Rfd2
Kh8 28. Rd7 Qb8 29. Bf7 g5 30. Na4 Ra7 31. Nb6 Rc7 32. Bxe8 Rxe8 33. Qf7 1-0